000 00420pab a2200169 454500
008 180718b2002 xxu||||| |||| 00| 0 eng d
100 _aTilak, Jandhyala B.G.
245 _aEducation poverty in India
260 _c2002
300 _ap.1-44.
362 _aJan-Jun
650 _aPoverty - India
650 _aEducation - India
650 _aEducation
773 _aReview of Development and change
909 _a53946
999 _c53946
_d53946